| 000 | 00756nam a2200193Ia 4500 | ||
|---|---|---|---|
| 003 | LDD | ||
| 008 | 190117s9999 xx 000 0 und d | ||
| 020 |
_a9789350722053 _c₹495 |
||
| 040 | _cLDD | ||
| 041 | _ahi | ||
| 082 | _a8H3.7 हो664मे | ||
| 100 | _aहोलर, फ्रांज | ||
| 245 | 0 |
_aमेरी बड़ी किताब _b बच्चों की कहानियां _cफ्रांज होलर |
|
| 260 |
_aनई दिल्ली _bंवाद प्रकाशन 2 _c2012 |
||
| 300 | _a316पृ. | ||
| 901 | _aANI TST | ||
| 904 | _aReqst by : Shankar Navin | ||
| 942 |
_2ddc _cH |
||
| 999 |
_c175139 _d175139 |
||